000 01084nam a22002417a 4500
001 7017
003 FISKH
005 20250828103141.0
008 250617b cb ||||| |||| 00| 0 eng d
020 _a9780545528849
040 _aFISKH
_beng
_cFISKH
_dFISKH
050 _aPZ7.P425 B
082 _a741.5
100 _aPeirce, Lincoln
245 _aBig nate makes the grade /
_cby Lincoln Peirce
250 _aFirst Scholastic printing, November 2012
260 _aNew York :
_bScholastic ,
_c2012.
300 _a224 pages :
_billustrations ;
_c23 cm .
490 _aBIg nate
_vComics 8
520 _aComic and Graphic Books. Juvenile Fiction. Humor (Fiction.) HTML:Nate Wright is known to his pals and teachers for many things, his penchant for mischief and his school record for detentions being the foremost. But beating out brainiac Gina's grades is not one of those things! In Big Nate Makes the Grade, the school life goings-on of Nate, his pals, and his long-suffering teachers are recounted in hilarious detail. Now in full-color!
942 _2ddc
_cBK
_n0
999 _c7017
_d7017